কাবা থেকে স্বদেশ / (Record no. 74270)
[ view plain ]
| 000 -LEADER | |
|---|---|
| fixed length control field | 00794nam a2200229 a 4500 |
| 001 - CONTROL NUMBER | |
| control field | 74270 |
| 003 - CONTROL NUMBER IDENTIFIER | |
| rucl marc code | BD-RjUL |
| 005 - DATE AND TIME OF LATEST TRANSACTION | |
| control field | 20211209082528.0 |
| 008 - FIXED-LENGTH DATA ELEMENTS--GENERAL INFORMATION | |
| fixed length control field | 180509s2017 bg ||||| |||| 000 0 ben d |
| 020 ## - INTERNATIONAL STANDARD BOOK NUMBER | |
| International Standard Book Number | 9789848867952 |
| Terms of availability | Tk.200.00 |
| 035 ## - SYSTEM CONTROL NUMBER | |
| System control number | (BD-RjUL)74488 |
| 040 ## - CATALOGING SOURCE | |
| Original cataloging agency | BD-RjUL |
| Language of cataloging | eng |
| Transcribing agency | BD-RjUL |
| 041 ## - LANGUAGE CODE | |
| Language code of text/sound track or separate title | ben |
| 082 ## - DEWEY DECIMAL CLASSIFICATION NUMBER | |
| Edition number | 23 |
| Classification number | 915.38 |
| Author mark and year | RAK 2017 |
| 100 1# - MAIN ENTRY--PERSONAL NAME | |
| Personal name | রহমান, কামরুন |
| 9 (RLIN) | 221385 |
| 245 10 - TITLE STATEMENT | |
| Title | কাবা থেকে স্বদেশ / |
| Statement of responsibility, etc. | কামরুন রহমান, |
| 260 ## - PUBLICATION, DISTRIBUTION, ETC. (IMPRINT) | |
| Place of publication, distribution, etc. | রাজশাহী : |
| Name of publisher, distributor, etc. | পরিলেখ , |
| Date of publication, distribution, etc. | ২০১৭ |
| 300 ## - PHYSICAL DESCRIPTION | |
| Pagination | ১৪৪ পৃ . ; |
| Size | ২২ সেমি. |
| 650 ## - SUBJECT ADDED ENTRY--TOPICAL TERM | |
| Topical term or geographic name as entry element | ভ্রমন (কাবা) |
| Geographic subdivision | সৌদি আরব |
| 9 (RLIN) | 221386 |
| Topical term or geographic name as entry element | Travel (Mecca) |
| Geographic subdivision | Saudi Arabia |
| 9 (RLIN) | 221387 |
| 942 ## - ADDED ENTRY ELEMENTS (KOHA) | |
| Source of classification or shelving scheme | Dewey Decimal Classification |
| Koha item type | Books |
| Lost status | Source of classification or shelving scheme | Damaged status | Not for loan | Collection code | Permanent Location | Current Location | Shelving location | Date acquired | Source of acquisition | Cost, normal purchase price | Total Checkouts | Full call number | Date last seen | Copy number | Koha item type |
|---|---|---|---|---|---|---|---|---|---|---|---|---|---|---|---|
| Dewey Decimal Classification | Not For Loan | Non-fiction | Central Library, University of Rajshahi | Central Library, University of Rajshahi | Reading Room | 18/04/2018 | Mahfujur Rahman Akhand , Isl. hist. RU | 200.00 | B 915.38 RAK 2017 | 09/05/2018 | C-1 | Books | |||
| Dewey Decimal Classification | Non-fiction | Central Library, University of Rajshahi | Central Library, University of Rajshahi | 18/04/2018 | Mahfujur Rahman Akhand , Isl. hist. RU | 200.00 | B 915.38 RAK 2017 | 09/05/2018 | C-2 | Books | |||||
| Dewey Decimal Classification | Non-fiction | Central Library, University of Rajshahi | Central Library, University of Rajshahi | 18/04/2018 | Mahfujur Rahman Akhand , Isl. hist. RU | 200.00 | B 915.38 RAK 2017 | 09/05/2018 | C-3 | Books | |||||
| Dewey Decimal Classification | Non-fiction | Central Library, University of Rajshahi | Central Library, University of Rajshahi | 18/04/2018 | Mahfujur Rahman Akhand , Isl. hist. RU | 200.00 | B 915.38 RAK 2017 | 09/05/2018 | C-4 | Books | |||||
| Dewey Decimal Classification | Non-fiction | Central Library, University of Rajshahi | Central Library, University of Rajshahi | 18/04/2018 | Mahfujur Rahman Akhand , Isl. hist. RU | 200.00 | B 915.38 RAK 2017 | 09/05/2018 | C-5 | Books |